<?xml version="1.0" encoding="UTF-8"?><?xml-stylesheet type="text/xsl" href="static/style.xsl"?><OAI-PMH xmlns="http://www.openarchives.org/OAI/2.0/" xmlns:xsi="http://www.w3.org/2001/XMLSchema-instance" xsi:schemaLocation="http://www.openarchives.org/OAI/2.0/ http://www.openarchives.org/OAI/2.0/OAI-PMH.xsd"><responseDate>2026-04-13T06:39:09Z</responseDate><request verb="GetRecord" identifier="oai:www.recercat.cat:2117/101271" metadataPrefix="marc">https://recercat.cat/oai/request</request><GetRecord><record><header><identifier>oai:recercat.cat:2117/101271</identifier><datestamp>2025-07-23T04:07:24Z</datestamp><setSpec>com_2072_1033</setSpec><setSpec>col_2072_452951</setSpec></header><metadata><record xmlns="http://www.loc.gov/MARC21/slim" xmlns:dcterms="http://purl.org/dc/terms/" xmlns:xsi="http://www.w3.org/2001/XMLSchema-instance" xmlns:doc="http://www.lyncode.com/xoai" xsi:schemaLocation="http://www.loc.gov/MARC21/slim http://www.loc.gov/standards/marcxml/schema/MARC21slim.xsd">
   <leader>00925njm 22002777a 4500</leader>
   <datafield ind2=" " ind1=" " tag="042">
      <subfield code="a">dc</subfield>
   </datafield>
   <datafield ind2=" " ind1=" " tag="720">
      <subfield code="a">Sans Cura, Aina</subfield>
      <subfield code="e">author</subfield>
   </datafield>
   <datafield ind2=" " ind1=" " tag="260">
      <subfield code="c">2017-01-12</subfield>
   </datafield>
   <datafield ind2=" " ind1=" " tag="520">
      <subfield code="a">Aquest TFM tracta l’aplicació de sistemes de generació fotovoltaica distribuïda i emmagatzematge en nuclis urbans. Aquesta aplicació és especialment important degut al gran consum energètic que es produeix en les ciutats i per a apostar així per objectius a més llarg termini, com seria l’autosuficiència energètica en ciutats. Primerament, es fa un estudi de l’art de les parts que determinen aquests projectes, tant a nivell tecnològic, com legislatiu i ambiental. En segon lloc, es fa el dimensionament i l’estudi de viabilitat de 3 instal·lacions reals a la ciutat de Barcelona com a aplicació de tot el mencionat anteriorment i en tercer lloc, l’estudi d’altres opcions per l’aplicació de generació fotovoltaica en diferents tipus d’edificis, mitjançant la simulació de corbes de demanda. D’aquesta manera, s’intenta donar una visió global dels avantatges i inconvenients d’aquestes instal·lacions en espais urbans per poder-ne valorar el grau de maduresa i desenvolupament.</subfield>
   </datafield>
   <datafield tag="653" ind2=" " ind1=" ">
      <subfield code="a">Àrees temàtiques de la UPC::Energies</subfield>
   </datafield>
   <datafield tag="653" ind2=" " ind1=" ">
      <subfield code="a">Photovoltaic power systems</subfield>
   </datafield>
   <datafield tag="653" ind2=" " ind1=" ">
      <subfield code="a">Instal·lacions fotovoltaiques</subfield>
   </datafield>
   <datafield ind2="0" ind1="0" tag="245">
      <subfield code="a">Disseny d'instal·lacions fotovoltaiques en edificis residencials d'àrea urbana</subfield>
   </datafield>
</record></metadata></record></GetRecord></OAI-PMH>